1876 1742 1881 1851 1847 1484 1041 1702 1273 1660 1191 1980 1587 1696 1377 1317 1402 1501 1608 1265 1184 1221 1230 1145 1407 1763 1998 1413 1369 1909 1494 1999 1284 1177 1852 1346 1192 1262 1491 1927 1212 1496 1433 1793 1018 1548 1927 1407 1045 1103 1028 1933 1016 1643 1603 1405 1259 1023 1810 1494 1517 1339 1589 1655 1331 1531 1207 1580 1659 1732 1793 1075 1036 1745 1915 1674 1281 1876 1760 1504 1289 1450 1499 1721 1252 1419 1589 1097 1593 1471 1080 1940 1158 1231 1346 1009 1770 1132 1489 BCNSPRNW ULIB Ver.6.0+V

เปลี่ยนเป็นภาษาไทย

Change to English
 แสดงรายละเอียดบรรณานุกรม
  กลับหน้าหลัก

Brief Record : Get Marc (ISO 2709) : E-mail record : QR code < ปิดหน้าต่าง
LEADER : 00000nas 2200000uu 4500
001    13399113857
003     ULIB
008    120111s||||||||th 000 0 tha d
022 0  ^a01257226
245 00 ^aอสท 2555
260    ^aกรุงเทพฯ :^bการท่องเที่ยวแห่งประเทศไทย
300    ^a141 หน้า :^bภาพประกอบสี
310    ^aรายเดือน
850    ^aปีที่ 52 ฉบับที่ 6;ปีที่ 52 ฉบับที่ 7;ปีที่ 52 ฉบับที่ 8;ปีที่ 52 ฉบับที่ 9;ฉบับที่ 10;ฉบับที่ 11;ฉบับที่ 12
945    ^p75^l0^i800024
945    ^p75^l0^i800051
945    ^p75^l0^i800090
945    ^p75^l0^i800097
945    ^p75^l0^i800132
945    ^p75^l0^i800152
945    ^p75^l0^i800169
999    ^aกัณชพร
รายการนี้ยังไม่มีแท็ก
คุณยังไม่ได้ล็อกอิน คุณสามารถมีกิจกรรมร่วมกับเว็บไซต์ได้ แต่ต้องล็อกอินก่อน ::
  ล็อกอิน

รายการสื่อสารสนเทศ (วารสาร)

ดูแบบ: กล่อง รายการ
ARRIVED
no call number
สถานที่: ห้องสมุดวิทยาเขตสวรรค์ประชารักษ์ >วารสาร

BibComment


ยังไม่เคยถูกคอมเมนท์

คอมเมนท์ทรัพยากรรายการนี้
  คอมเมนท์: อสท 2555


 Copyright 2026. Bcnsprnw @Library